| 000 | 00979nam a22002417a 4500 | ||
|---|---|---|---|
| 005 | 20141112155716.0 | ||
| 008 | 141008s1924 ag ||||fr|||| 000 f spa d | ||
| 040 |
_cSandra Yazo _dSandra Yazo |
||
| 041 | 0 | _aspa | |
| 082 | 0 | 4 |
_220 _a863.982 |
| 092 | _aE33N012 | ||
| 100 | 1 |
_aGouchon Cané, Emilio _965122 |
|
| 245 | 1 | 0 |
_aEl monito de Trapo _b(Novela) _cEmilio Gouchón Cané |
| 260 |
_aBuenos Aires (Argentina) _bEdiciones de la Empresa _c1924 |
||
| 300 |
_a188, [1] páginas _c18 x 13 cm. |
||
| 490 | 0 |
_aBioblioteca PAM _v5 |
|
| 500 | _aDetalles físicos: Encuadernación rígida en cartón forrado en papel. Lomo en tela y con adornos en dorado. Guardas en papel impreso. Anteportada. Portada impresa en una sola tinta. Texto en una columna. Papel manchado | ||
| 506 | _aConsulta en sala | ||
| 650 | 7 |
_920467 _aNovela argentina |
|
| 650 | 7 |
_918607 _aLiteratura argentina |
|
| 690 |
_942866 _aLiteratura latinoamericana |
||
| 942 |
_2LOCAL _cLIBRO _e1 _hE33N012 |
||
| 999 |
_c297216 _d297216 |
||